000 00688nam a2200265Ia 4500
003 OSt
005 20221006150052.0
006 a|||||r|||| 00| 0
007 ta
008 221006b |||||||| |||| 00| 0 jpn d
020 _c¥28000
024 _a17,009
037 _cTextual
040 _aEASL
_cEASL
_bjpn
041 _2jpn
_ajpn
082 _aM8.42.N8, M1
100 _aKuriyama Kichisaburo
_9655777
245 0 _aKatasome
_b Kuriyama Kichisaburo sakuhinshu
260 _aKyoto
_bSeiseisha Japan
_c1981
300 _a238p.
_ccm.
490 _v RR
650 _aJL
942 _hM8.42.N8, M1
_cTEXL
_2CC
999 _c1085095
_d1085095